Statistics for 100 Most Common Four Letter Words - Three Minute Sprint

Click here to take the quiz!

General Stats

  • This quiz has been taken 288 times
  • The average score is 25 of 100

Answer Stats

rankword% Correct
74when
69%
7that
68%
14this
63%
11what
63%
69they
62%
19have
60%
98then
58%
27your
55%
46like
52%
116them
51%
112love
50%
67come
45%
145give
44%
76will
44%
43here
43%
169than
43%
110we're
43%
85were
43%
31with
41%
83from
40%
96some
40%
101take
40%
106make
37%
117more
37%
118over
37%
53want
37%
68good
36%
75time
33%
236done
32%
79can't
31%
167ever
31%
22just
30%
91been
29%
21don't
29%
73look
29%
107need
29%
136said
29%
155into
28%
277went
28%
176work
28%
246came
27%
179home
27%
205won't
27%
140even
26%
15know
26%
221we'll
25%
35well
25%
185does
23%
137much
23%
78back
21%
174feel
21%
275name
21%
131very
20%
148help
19%
230hear
18%
276same
18%
235stay
18%
150talk
18%
127down
16%
274hope
16%
285show
16%
216care
15%
156find
15%
184keep
14%
207kind
14%
181last
14%
211made
14%
80mean
14%
146only
14%
312both
13%
162call
13%
245hell
13%
259must
13%
188stop
13%
154wait
13%
170away
12%
232nice
12%
163told
12%
270knew
11%
241mind
11%
258best
10%
314dead
10%
178fine
10%
310hurt
10%
320kill
10%
269left
10%
113she's
10%
272real
9%
290next
8%
267room
8%
160let's
7%
231baby
6%
321hard
6%
192long
6%
77okay
5%
115sure
4%
234else
3%
256idea
3%
309we've
3%
198guys
1%

Score Distribution

Percentile by Number Answered

Percent of People with Each Score

Your Score History

You have not taken this quiz